"Let it Go" Lyrics Disney's Frozen - Statistics

General Stats
  • This quiz has been taken 8,861 times
  • The average score is 120 of 276
Answer Stats
Hint Answer % Correct
The
99%
snow
97%
on
93%
the
93%
a
92%
be
92%
mountain
92%
Not
92%
seen
92%
to
92%
footprint
91%
glows
91%
tonight
91%
A
90%
of
90%
white
90%
And
89%
I'm
89%
it
89%
kingdom
89%
like
89%
looks
89%
the
89%
isolation,
88%
Queen.
88%
The
86%
is
85%
wind
85%
howling
84%
like
84%
inside
80%
I
79%
in
79%
it
79%
storm
79%
Couldn't
78%
heaven
78%
keep
78%
knows
78%
let
78%
let
78%
tried
78%
Be
77%
Don't
77%
don't
77%
girl
77%
good
77%
in
77%
see
77%
the
77%
them
77%
them
77%
you
77%
always
76%
be
76%
swirling
76%
to
76%
have
75%
don't
74%
don't
74%
feel,
74%
let
74%
them
74%
know
73%
Conceal,
72%
go,
72%
go,
72%
it
72%
it
72%
know
72%
Let
72%
let
72%
now
72%
they
72%
anymore
70%
back
70%
can't
70%
go
70%
hold
70%
it
70%
it
70%
let
70%
Well,
70%
go
69%
it
69%
let
69%
this
69%
turn
65%
and
64%
away
64%
door
64%
slam
64%
the
64%
don't
62%
I
62%
care
61%
what
61%
going
60%
Let
60%
say
60%
to
60%
on,
59%
rage
59%
storm
59%
the
59%
they're
59%
bothered
58%
cold
58%
me
58%
never
58%
The
58%
anyway
57%
It's
53%
distance
52%
funny
52%
how
52%
some
52%
everything
51%
Makes
51%
seem
50%
small
50%
And
48%
the
48%
that
47%
Can't
46%
controlled
46%
me
46%
once
46%
all
45%
at
45%
fears
45%
get
45%
me
45%
to
45%
I
42%
It's
42%
see
42%
time
42%
to
42%
what
42%
can
41%
do
41%
To
41%
and
40%
limits
40%
test
40%
the
40%
break
39%
through
39%
No
38%
no
37%
no
37%
right,
37%
for
36%
me
36%
rules
36%
wrong,
36%
free
35%
go
35%
go
35%
I'm
35%
it
35%
it
35%
Let
35%
Let
35%
I
31%
am
28%
it
28%
Let
28%
one
28%
the
28%
wind
28%
with
28%
and
27%
go
27%
go
27%
it
27%
Let
27%
sky
27%
cry
25%
me
25%
never
25%
see
25%
You'll
25%
Here
24%
I
24%
And
23%
stand
23%
here
22%
I'll
21%
Let
21%
rage
21%
stay
21%
storm
21%
the
21%
on
20%
My
18%
power
18%
air
16%
flurries
16%
the
16%
through
16%
ground
15%
into
15%
the
15%
My
14%
is
13%
frozen
12%
soul
12%
all
11%
around
11%
in
11%
spiraling
11%
fractals
10%
And
9%
one
9%
thought
9%
an
7%
back
7%
blast
7%
going
7%
icy
7%
I'm
7%
like
7%
never
7%
go
6%
go
6%
in
6%
is
6%
it
6%
it
6%
Let
6%
let
6%
past
6%
past
6%
The
6%
the
6%
cold
5%
crystallizes
5%
And
4%
anyway
4%
bothered
4%
break
4%
dawn
4%
go
4%
go
4%
I'll
4%
it
4%
it
4%
let
4%
let
4%
Let
4%
like
4%
me
4%
never
4%
of
4%
rise
4%
the
4%
the
4%
The
4%
day
3%
girl
3%
gone
3%
Here
3%
I
3%
In
3%
is
3%
light
3%
of
3%
on
3%
perfect
3%
rage
3%
stand
3%
storm
3%
That
3%
the
3%
No matching quizzes found
Score Distribution
Percent of People with Each Score
Percentile by Number Answered
Your Score History
You have not taken this quiz